[Event "3rd Tungsram it"]
[Site "Budapest HUN"]
[Date "1977.08.??"]
[Round "7"]
[White "Castro Rojas, Oscar Humberto"]
[Black "Schmidt, Wlodzimierz"]
[Result "0-1"]
[WhiteElo "2410"]
[BlackElo "2490"]
[EventDate "1977.07.29"]
[PlyCount "110"]

1.e4 c5 2.c3 e6 3.d4 d5 4.exd5 exd5 5.Nf3 Nc6 6.Be3 c4 7.b3 cxb3 8.axb3 
Bd6 9.Bd3 Nge7 10.O-O O-O 11.Re1 h6 12.Qc1 Bf5 13.Bf1 Rc8 14.Bf4 a6 15.Bg3
Re8 16.Ra2 Nb4 17.Rb2 Bxb1 18.Qxb1 Rxc3 19.Rbe2 Bxg3 20.hxg3 Rc8 21.g4 Qd7
22.g5 hxg5 23.Nxg5 Ng6 24.Rxe8+ Rxe8 25.Rxe8+ Qxe8 26.Qf5 Nf8 27.g3 Qd7 
28.Qf4 Nc6 29.Bh3 Qe7 30.Bc8 a5 31.Kg2 b6 32.Bg4 Qf6 33.Bf3 Qxf4 34.gxf4 
Ne6 35.Kg3 Ncxd4 36.Bxd5 Ne2+ 37.Kf3 N2xf4 38.Bc4 Kf8 39.Ne4 Ke7 40.Ng3 g6
41.Ne4 f5 42.Nc3 Kd6 43.Nb5+ Ke5 44.Na7 Nd4+ 45.Ke3 Nd5+ 46.Kd3 Nb4+ 47.
Ke3 f4+ 48.Kd2 Nbc6 49.Nc8 b5 50.Bf7 g5 51.Nb6 Nd8 52.Bg8 N8e6 53.Kc3 Ke4 
54.Nd7 Kf3 55.b4 axb4+ 0-1

[Event "3rd Tungsram it"]
[Site "Budapest HUN"]
[Date "1977.08.??"]
[Round "7"]
[White "Knaak, Rainer"]
[Black "Blackstock, Leslie Steven Fraser"]
[Result "1-0"]
[WhiteElo "2500"]
[BlackElo "2410"]
[EventDate "1977.07.29"]
[PlyCount "72"]

1.d4 Nf6 2.c4 g6 3.Nc3 Bg7 4.e4 d6 5.f3 O-O 6.Be3 a6 7.Qd2 Nbd7 8.Bd3 c5 
9.Nge2 Qa5 10.O-O cxd4 11.Nxd4 Ne5 12.Be2 Be6 13.b4 Qd8 14.Nxe6 fxe6 15.
Rac1 Rc8 16.Na4 Qe8 17.Nb6 Rd8 18.Rcd1 Kh8 19.Qc2 Qf7 20.Qb3 Ned7 21.Nxd7 
Rxd7 22.c5 d5 23.e5 Ne8 24.f4 Nc7 25.Bd4 Qe8 26.a4 Rd8 27.b5 axb5 28.axb5 
Ra8 29.b6 Na6 30.Ra1 g5 31.Bxa6 Rxa6 32.Rxa6 bxa6 33.b7 gxf4 34.Rxf4 Rg8 
35.c6 Bh6 36.Rf1 1-0

[Event "3rd Tungsram it"]
[Site "Budapest HUN"]
[Date "1977.08.??"]
[Round "7"]
[White "Csom, Istvan"]
[Black "Sax, Gyula"]
[Result "1/2-1/2"]
[WhiteElo "2535"]
[BlackElo "2565"]
[EventDate "1977.07.29"]
[PlyCount "30"]

1.c4 c5 2.Nc3 g6 3.g3 Bg7 4.Bg2 Nc6 5.e3 e6 6.Nge2 Nge7 7.O-O O-O 8.d4 
cxd4 9.Nxd4 d5 10.cxd5 Nxd4 11.exd4 Nxd5 12.Nxd5 exd5 13.Be3 Be6 14.Qb3 
Qd7 15.Rfc1 Rfc8 1/2-1/2

[Event "3rd Tungsram it"]
[Site "Budapest HUN"]
[Date "1977.08.??"]
[Round "7"]
[White "Ornstein, Axel"]
[Black "Rajna, Gyorgy"]
[Result "1/2-1/2"]
[WhiteElo "2440"]
[BlackElo "2395"]
[EventDate "1977.07.29"]
[PlyCount "72"]

1.c4 e5 2.Nc3 Nc6 3.g3 g6 4.Bg2 Bg7 5.e4 d6 6.d3 Nh6 7.Nge2 O-O 8.O-O f5 
9.f3 Be6 10.Nd5 Kh8 11.Be3 g5 12.exf5 Nxf5 13.Bf2 Qd7 14.Qd2 h6 15.f4 gxf4
16.gxf4 Rf7 17.Kh1 Ncd4 18.fxe5 Nxe2 19.Qxe2 Bxe5 20.d4 Nxd4 21.Bxd4 Bxd4 
22.Nxc7 Qxc7 23.Qxe6 Rxf1+ 24.Rxf1 Qg7 25.Rf7 Qg5 26.Qe4 Bg7 27.h4 Qc1+ 
28.Kh2 Rg8 29.Kh3 Qxb2 30.Bf1 Qe5 31.Bd3 Qxe4 32.Bxe4 Re8 33.Bxb7 h5 34.
Kg3 Re2 35.Kf4 Bh6+ 36.Kf5 1/2-1/2

[Event "3rd Tungsram it"]
[Site "Budapest HUN"]
[Date "1977.08.??"]
[Round "8"]
[White "Filip, Miroslav"]
[Black "Gipslis, Aivars"]
[Result "1/2-1/2"]
[WhiteElo "2500"]
[BlackElo "2535"]
[EventDate "1977.07.29"]
[PlyCount "36"]

1.Nf3 Nf6 2.c4 e6 3.g3 b6 4.Bg2 Bb7 5.d4 c5 6.O-O cxd4 7.Qxd4 Be7 8.Nc3 
Nc6 9.Qf4 O-O 10.Rd1 Qb8 11.Qxb8 Raxb8 12.Bf4 Rbc8 13.Ne5 d6 14.Nxc6 Bxc6 
15.Bxd6 Bxd6 16.Rxd6 Bxg2 17.Kxg2 Rxc4 18.Rad1 g5 1/2-1/2

[Event "3rd Tungsram it"]
[Site "Budapest HUN"]
[Date "1977.08.??"]
[Round "8"]
[White "Vadasz, Laszlo"]
[Black "Pinter, Jozsef"]
[Result "1/2-1/2"]
[WhiteElo "2495"]
[BlackElo "2445"]
[EventDate "1977.07.29"]
[PlyCount "85"]

1.Nf3 Nf6 2.c4 e6 3.g3 c5 4.Bg2 Nc6 5.O-O Be7 6.d4 cxd4 7.Nxd4 O-O 8.Nc3 
d5 9.cxd5 Nxd5 10.Nxd5 exd5 11.Be3 Bg4 12.h3 Be6 13.Qa4 Qd7 14.Kh2 Bf6 15.
Rad1 Rfc8 16.Nxe6 fxe6 17.Bc1 Kh8 18.f4 b5 19.Qb3 Qe7 20.e4 dxe4 21.Bxe4 
Rab8 22.Qd3 Nb4 23.Qb1 g6 24.Be3 Rd8 25.Rxd8+ Rxd8 26.Re1 Qg7 27.a3 Nd5 
28.Bc1 Rc8 29.Bg2 Qf7 30.Qd3 a6 31.a4 Qd7 32.axb5 axb5 33.h4 Qc6 34.Qe4 
Qb6 35.Qxe6 Qxe6 36.Rxe6 Rxc1 37.Bxd5 Bxb2 38.Rb6 Rc5 39.Bc6 b4 40.Rxb4 
Rxc6 41.Rxb2 Rc3 42.Kh3 Rc5 43.Re2 1/2-1/2

[Event "3rd Tungsram it"]
[Site "Budapest HUN"]
[Date "1977.08.??"]
[Round "8"]
[White "Lukacs, Peter"]
[Black "Ostojic, Predrag"]
[Result "0-1"]
[WhiteElo "2450"]
[BlackElo "2480"]
[EventDate "1977.07.29"]
[PlyCount "68"]

1.d4 e6 2.c4 b6 3.Nc3 Bb7 4.a3 Nf6 5.d5 exd5 6.cxd5 Bd6 7.g3 O-O 8.Bg2 Re8
9.Nh3 c5 10.O-O Bf8 11.Re1 d6 12.e4 Nbd7 13.b4 cxb4 14.axb4 a5 15.Rb1 Qc8 
16.Bd2 axb4 17.Rxb4 Ba6 18.Nf4 g6 19.Qb1 Bg7 20.Rc1 Qd8 21.Nb5 Nc5 22.Re1 
Bxb5 23.Rxb5 Nfxe4 24.Qc2 Nxd2 25.Qxd2 Rxe1+ 26.Qxe1 Ra2 27.Rb1 Bd4 28.Ne2
Nd3 29.Qd1 Bxf2+ 30.Kf1 Ra3 31.Rb3 Qf6 32.Qxd3 Ra1+ 33.Rb1 Bc5+ 34.Nf4 Qb2
0-1

[Event "3rd Tungsram it"]
[Site "Budapest HUN"]
[Date "1977.08.??"]
[Round "8"]
[White "Schmidt, Wlodzimierz"]
[Black "Spasov, Luben"]
[Result "1/2-1/2"]
[WhiteElo "2490"]
[BlackElo "2480"]
[EventDate "1977.07.29"]
[PlyCount "30"]

1.Nf3 Nf6 2.c4 b6 3.g3 Bb7 4.Bg2 e6 5.O-O Be7 6.b3 O-O 7.Bb2 d5 8.cxd5 
Nxd5 9.d4 c5 10.Nbd2 Nd7 11.a3 N5f6 12.Rc1 Rc8 13.Rc2 Rc7 14.dxc5 Rxc5 15.
b4 1/2-1/2

[Event "3rd Tungsram it"]
[Site "Budapest HUN"]
[Date "1977.08.??"]
[Round "8"]
[White "Sax, Gyula"]
[Black "Castro Rojas, Oscar Humberto"]
[Result "0-1"]
[WhiteElo "2565"]
[BlackElo "2410"]
[EventDate "1977.07.29"]
[PlyCount "82"]

1.e4 Nc6 2.d4 d5 3.e5 Bf5 4.c3 e6 5.Ne2 f6 6.f4 fxe5 7.fxe5 Be7 8.Nf4 Qd7 
9.Bd3 Bxd3 10.Qxd3 Bh4+ 11.g3 Bg5 12.O-O Nh6 13.Nd2 O-O 14.Nf3 Be7 15.Kg2 
b6 16.Bd2 Na5 17.h4 Nc4 18.Ng5 Bxg5 19.hxg5 Nf5 20.g4 Qe7 21.Nxd5 Nh4+ 22.
Kg3 exd5 23.Kxh4 Qe6 24.b3 Nxd2 25.Qxd2 Rf7 26.Rxf7 Qxf7 27.Re1 Rf8 28.e6 
Qe7 29.c4 dxc4 30.bxc4 h6 31.Re5 Rf3 32.Rf5 Ra3 33.d5 a5 34.Qb2 Re3 35.Qc1
Rd3 36.Qf1 Rc3 37.Re5 hxg5+ 38.Rxg5 g6 39.Qe1 Rd3 40.Qe4 Qh7+ 41.Rh5 g5+ 
0-1

[Event "3rd Tungsram it"]
[Site "Budapest HUN"]
[Date "1977.08.??"]
[Round "9"]
[White "Ostojic, Predrag"]
[Black "Ree, Hans"]
[Result "0-1"]
[WhiteElo "2480"]
[BlackElo "2460"]
[EventDate "1977.07.29"]
[PlyCount "80"]

1.e4 e5 2.Nf3 d6 3.d4 Nf6 4.Nc3 Nbd7 5.Bc4 Be7 6.O-O O-O 7.a4 c6 8.Ba2 Qc7
9.a5 exd4 10.Nxd4 Re8 11.Nf5 Bf8 12.Ng3 Nc5 13.Re1 Be6 14.Bg5 Nfd7 15.b4 
Bxa2 16.Rxa2 Ne6 17.Be3 Ne5 18.b5 d5 19.b6 Qc8 20.exd5 cxd5 21.Na4 d4 22.
Bd2 Nc4 23.bxa7 Rxa7 24.Nb2 Na3 25.Nd3 Qc4 26.Rb2 Rc8 27.Ne5 Qc7 28.Qg4 
Re8 29.Nh5 Kh8 30.Qf5 f6 31.Nf3 Nc4 32.Bf4 Qf7 33.Rb5 Nxf4 34.Rxe8 Qxe8 
35.Qxf4 Qxb5 36.g4 Ra8 37.Qc7 Qd5 38.Nh4 Rxa5 39.f3 d3 40.Qc8 0-1

[Event "3rd Tungsram it"]
[Site "Budapest HUN"]
[Date "1977.08.??"]
[Round "9"]
[White "Pinter, Jozsef"]
[Black "Schmidt, Wlodzimierz"]
[Result "0-1"]
[WhiteElo "2445"]
[BlackElo "2490"]
[EventDate "1977.07.29"]
[PlyCount "98"]

1.e4 c5 2.Nf3 e6 3.c3 d5 4.e5 Nc6 5.d4 Bd7 6.a3 c4 7.g3 Na5 8.Nbd2 Qb6 9.
Bh3 h6 10.O-O O-O-O 11.Ne1 g5 12.Bg2 Be7 13.Rb1 h5 14.Qe2 Nh6 15.Nc2 Kb8 
16.Ne3 Rc8 17.Re1 h4 18.g4 f6 19.exf6 Bxf6 20.h3 Nf7 21.Nef1 Rhf8 22.Nf3 
Qd8 23.N1h2 Ka8 24.Be3 Nh8 25.Qc2 Be8 26.Rbd1 Bg6 27.Qd2 Nb3 28.Qe2 Nf7 
29.Bc1 Rc6 30.Ne5 Nxe5 31.dxe5 Nxc1 32.Rxc1 Be7 33.Nf3 Bc5 34.Rcd1 Rf4 35.
Nd4 Bd3 36.Qe3 Bxd4 37.cxd4 Qb6 38.Rd2 Qxd4 39.Qxd4 Rxd4 40.Bf1 Re4 41.Re3
Rxe3 42.fxe3 Bxf1 43.Kxf1 a5 44.Rf2 c3 45.bxc3 Rxc3 46.Rf8+ Ka7 47.Ke2 
Rxa3 48.Re8 Ra4 49.Rxe6 Re4 0-1

[Event "3rd Tungsram it"]
[Site "Budapest HUN"]
[Date "1977.08.??"]
[Round "9"]
[White "Csom, Istvan"]
[Black "Blackstock, Leslie Steven Fraser"]
[Result "1/2-1/2"]
[WhiteElo "2535"]
[BlackElo "2410"]
[EventDate "1977.07.29"]
[PlyCount "122"]

1.g3 g6 2.Bg2 Bg7 3.c4 d6 4.Nc3 Nf6 5.Nf3 O-O 6.O-O c6 7.d4 Bf5 8.b3 Ne4 
9.Bb2 Nxc3 10.Bxc3 Be4 11.Qd2 d5 12.Rac1 a5 13.Qe3 e6 14.Rfd1 Re8 15.Bf1 
Bxf3 16.Qxf3 a4 17.e4 dxe4 18.Qxe4 axb3 19.axb3 Nd7 20.Qc2 Qb6 21.Qb2 Ra7 
22.Ra1 Rea8 23.Rxa7 Qxa7 24.d5 Bxc3 25.Qxc3 cxd5 26.cxd5 exd5 27.Rxd5 Nf8 
28.Qb4 b6 29.Re5 Qc7 30.Qe1 Ra7 31.Bc4 Qd6 32.Qe3 Qf6 33.Rb5 Nd7 34.Qe8+ 
Kg7 35.Rd5 Ra2 36.Be2 Nc5 37.Rd8 Qa1+ 38.Kg2 Ne6 39.Qh8+ Kh6 40.Qxa1 Rxa1 
41.Rd6 Ra2 42.Bc4 Ng5 43.Rd4 f5 44.Bd5 Rb2 45.Rb4 Ne4 46.Bxe4 fxe4 47.Kf1 
e3 48.fxe3 Rxh2 49.Rxb6 Kg5 50.Rb4 h5 51.Rf4 Rb2 52.b4 Kh6 53.Rc4 Kg5 54.
Rh4 Kf5 55.Rd4 g5 56.Rc4 Ke5 57.Rc5+ Ke4 58.Rxg5 Kf3 59.Kg1 Rxb4 60.Kh2 h4
61.Kh3 hxg3 1/2-1/2

[Event "3rd Tungsram it"]
[Site "Budapest HUN"]
[Date "1977.08.??"]
[Round "10"]
[White "Filip, Miroslav"]
[Black "Vadasz, Laszlo"]
[Result "1-0"]
[WhiteElo "2500"]
[BlackElo "2495"]
[EventDate "1977.07.29"]
[PlyCount "65"]

1.c4 Nf6 2.Nc3 c5 3.g3 d5 4.cxd5 Nxd5 5.Nf3 Nc6 6.Bg2 Nc7 7.O-O e5 8.a3 
Bd7 9.e3 Be7 10.d4 cxd4 11.exd4 exd4 12.Nxd4 O-O 13.Nxc6 Bxc6 14.Bxc6 bxc6
15.Qf3 Qe8 16.Be3 Ne6 17.Rac1 Qb8 18.b4 Rc8 19.Rfd1 Qb7 20.Ne4 Rd8 21.
Rxd8+ Rxd8 22.Rxc6 Nd4 23.Bxd4 Rxd4 24.Rc4 Rd7 25.Kg2 g6 26.Nc3 Qxf3+ 27.
Kxf3 Rd2 28.Rc7 Bd6 29.Rc8+ Kg7 30.Ne4 Rd3+ 31.Ke2 Rd4 32.f3 Be7 33.Rc7 
1-0

[Event "3rd Tungsram it"]
[Site "Budapest HUN"]
[Date "1977.08.??"]
[Round "10"]
[White "Sax, Gyula"]
[Black "Pinter, Jozsef"]
[Result "1/2-1/2"]
[WhiteElo "2565"]
[BlackElo "2445"]
[EventDate "1977.07.29"]
[PlyCount "26"]

1.e4 e5 2.Nc3 Nf6 3.Nf3 Nc6 4.d4 exd4 5.Nxd4 Bb4 6.Nxc6 bxc6 7.Bd3 d5 8.
exd5 Qe7+ 9.Qe2 Qxe2+ 10.Kxe2 cxd5 11.Bg5 c6 12.Bxf6 gxf6 13.Kf3 Be6 
1/2-1/2

[Event "3rd Tungsram it"]
[Site "Budapest HUN"]
[Date "1977.08.??"]
[Round "10"]
[White "Lukacs, Peter"]
[Black "Ornstein, Axel"]
[Result "1/2-1/2"]
[WhiteElo "2450"]
[BlackElo "2440"]
[EventDate "1977.07.29"]
[PlyCount "72"]

1.d4 Nf6 2.c4 e6 3.Nc3 Bb4 4.e3 b6 5.Bd3 Bb7 6.Nf3 O-O 7.O-O c5 8.Na4 cxd4
9.exd4 Be7 10.Re1 d6 11.b4 Nbd7 12.Bb2 a5 13.a3 axb4 14.axb4 b5 15.cxb5 
Nb6 16.Nxb6 Qxb6 17.Nd2 Rxa1 18.Bxa1 Bd5 19.Nf1 Ra8 20.Ne3 Be4 21.Bxe4 
Nxe4 22.d5 e5 23.Qd3 f5 24.Qc2 g6 25.Qc6 Rb8 26.Qd7 Kf8 27.Rc1 Qxb5 28.
Rc8+ Rxc8 29.Qxb5 Rc1+ 30.Nf1 Nd2 31.Bc3 Rxf1+ 32.Qxf1 Nxf1 33.Kxf1 Ke8 
34.Ke2 Kd7 35.Kd3 Bd8 36.f3 1/2-1/2

[Event "3rd Tungsram it"]
[Site "Budapest HUN"]
[Date "1977.08.??"]
[Round "10"]
[White "Bronstein, David"]
[Black "Csom, Istvan"]
[Result "1/2-1/2"]
[WhiteElo "2560"]
[BlackElo "2535"]
[EventDate "1977.07.29"]
[PlyCount "29"]

1.d4 Nf6 2.Nf3 e6 3.Bf4 b6 4.h3 Bb7 5.e3 c5 6.c3 Be7 7.Bd3 O-O 8.O-O a6 9.
a4 cxd4 10.exd4 d6 11.Nbd2 Nbd7 12.Re1 Re8 13.Nf1 Bf8 14.Ng3 h6 15.Bc2 
1/2-1/2

[Event "3rd Tungsram it"]
[Site "Budapest HUN"]
[Date "1977.08.??"]
[Round "11"]
[White "Ostojic, Predrag"]
[Black "Filip, Miroslav"]
[Result "0-1"]
[WhiteElo "2480"]
[BlackElo "2500"]
[EventDate "1977.07.29"]
[PlyCount "104"]

1.e4 e5 2.Nf3 Nc6 3.Bb5 g6 4.O-O Bg7 5.c3 a6 6.Ba4 d6 7.d4 Bd7 8.Re1 Nge7 
9.dxe5 Nxe5 10.Nxe5 dxe5 11.Bb3 O-O 12.Bg5 h6 13.Be3 Qc8 14.Qc1 Kh7 15.Bc5
Qe8 16.a4 Rg8 17.Nd2 Nc6 18.a5 Nd8 19.Nf1 Ne6 20.Be3 Qe7 21.Bc2 Rad8 22.
Ng3 Qf6 23.f3 h5 24.Nh1 Bf8 25.b4 c5 26.bxc5 Bxc5 27.Bxc5 Nxc5 28.Qe3 Qe7 
29.Nf2 Be6 30.f4 Bb3 31.Bb1 exf4 32.Qxf4 Ne6 33.Qf3 Kg7 34.Ba2 Bxa2 35.
Rxa2 Nc5 36.e5 Qe6 37.Rb2 Rge8 38.Rb6 Qf5 39.Qe2 Rd5 40.Qc4 Rdxe5 41.Qd4 
Kg8 42.Rxe5 Rxe5 43.g3 Re1+ 44.Kg2 Re2 45.Kf1 Ne6 46.Kxe2 Nxd4+ 47.cxd4 
Qxa5 48.Rxb7 Qd5 49.Rb8+ Kg7 50.Ke3 a5 51.Nd3 a4 52.Nf4 Qc4 0-1

[Event "3rd Tungsram it"]
[Site "Budapest HUN"]
[Date "1977.08.??"]
[Round "11"]
[White "Gipslis, Aivars"]
[Black "Sax, Gyula"]
[Result "1/2-1/2"]
[WhiteElo "2535"]
[BlackElo "2565"]
[EventDate "1977.07.29"]
[PlyCount "28"]

1.e4 c5 2.Nf3 d6 3.d4 cxd4 4.Nxd4 Nf6 5.Nc3 e6 6.g4 h6 7.g5 hxg5 8.Bxg5 
Nc6 9.Qd2 Qb6 10.Nb3 a6 11.O-O-O Qc7 12.f4 b5 13.Bg2 Bb7 14.Kb1 Be7 
1/2-1/2

[Event "3rd Tungsram it"]
[Site "Budapest HUN"]
[Date "1977.08.??"]
[Round "11"]
[White "Ornstein, Axel"]
[Black "Ree, Hans"]
[Result "1/2-1/2"]
[WhiteElo "2440"]
[BlackElo "2460"]
[EventDate "1977.07.29"]
[PlyCount "41"]

1.c4 e5 2.Nc3 d6 3.d4 exd4 4.Qxd4 Nf6 5.b3 g6 6.Bb2 Bg7 7.Nd5 Nbd7 8.Qe3+ 
Kf8 9.Nc3 Nc5 10.Nf3 Bf5 11.Nd4 Qd7 12.Qd2 Re8 13.e3 Nfe4 14.Nxe4 Nxe4 15.
Qc2 Ng3 16.Nxf5 Nxf5 17.Bd3 Nd4 18.Bxd4 Bxd4 19.Rd1 Bf6 20.O-O b6 21.Be4 
1/2-1/2

[Event "3rd Tungsram it"]
[Site "Budapest HUN"]
[Date "1977.08.??"]
[Round "11"]
[White "Pinter, Jozsef"]
[Black "Rajna, Gyorgy"]
[Result "0-1"]
[WhiteElo "2445"]
[BlackElo "2395"]
[EventDate "1977.07.29"]
[PlyCount "98"]

1.e4 e5 2.Nf3 Nc6 3.Bb5 a6 4.Ba4 Nf6 5.O-O Be7 6.Re1 b5 7.Bb3 d6 8.c3 O-O 
9.h3 Na5 10.Bc2 c5 11.d4 Qc7 12.Nbd2 cxd4 13.cxd4 Bd7 14.Nf1 Rac8 15.Ne3 
Rfe8 16.b3 Nc6 17.Bb2 Bd8 18.d5 Ne7 19.Rc1 Ng6 20.Nh2 Qa7 21.Qd2 Bb6 22.
Nhg4 Bxg4 23.Nxg4 Nxg4 24.hxg4 Nf4 25.Kf1 Rc7 26.Bb1 Rec8 27.g3 Nh3 28.
Rxc7 Rxc7 29.Re2 f6 30.Kg2 Ng5 31.Bd3 Rc8 32.f4 Nf7 33.Re1 Bd4 34.Rc1 Rxc1
35.Qxc1 g6 36.Qc8+ Kg7 37.Bc1 Be3 38.Kf3 Bxc1 39.Qxc1 Qd4 40.Qe3 Qa1 41.
Qe2 exf4 42.gxf4 g5 43.e5 fxe5 44.f5 Qh1+ 45.Qg2 e4+ 46.Bxe4 Ne5+ 47.Ke3 
Qxg2 48.Bxg2 Nxg4+ 49.Kd4 b4 0-1

[Event "3rd Tungsram it"]
[Site "Budapest HUN"]
[Date "1977.08.??"]
[Round "11"]
[White "Csom, Istvan"]
[Black "Lukacs, Peter"]
[Result "0-1"]
[WhiteElo "2535"]
[BlackElo "2450"]
[EventDate "1977.07.29"]
[PlyCount "62"]

1.c4 Nf6 2.b3 c6 3.Bb2 d5 4.g3 Bg4 5.h3 Bh5 6.Bg2 e6 7.Nf3 Nbd7 8.O-O Bd6 
9.d4 O-O 10.Nbd2 Qe7 11.a3 Ne4 12.Nxe4 dxe4 13.Ne5 f5 14.Qc2 Rad8 15.Rfe1 
Nxe5 16.dxe5 Bc5 17.e3 Qd7 18.b4 Bb6 19.c5 Bc7 20.Bd4 g5 21.Bf1 Qg7 22.Qb2
Bf3 23.b5 f4 24.bxc6 bxc6 25.Rab1 Rd5 26.Qb7 fxg3 27.fxg3 Bxe5 28.Qxc6 
Rxd4 29.Qxe6+ Kh8 30.Rb7 Bc7 31.Qe5 0-1

[Event "3rd Tungsram it"]
[Site "Budapest HUN"]
[Date "1977.08.??"]
[Round "11"]
[White "Spasov, Luben"]
[Black "Blackstock, Leslie Steven Fraser"]
[Result "1-0"]
[WhiteElo "2480"]
[BlackElo "2410"]
[EventDate "1977.07.29"]
[PlyCount "122"]

1.Nf3 Nf6 2.c4 g6 3.Nc3 Bg7 4.e4 d6 5.d4 O-O 6.Be2 Bg4 7.Be3 Nfd7 8.Rc1 c5
9.d5 Na6 10.O-O Qa5 11.Bd2 Rfb8 12.h3 Bxf3 13.Bxf3 Qd8 14.Be2 Nc7 15.a4 b6
16.f4 a6 17.b3 Bd4+ 18.Kh1 Qf8 19.Bd3 Qg7 20.Qe2 Rf8 21.g3 e6 22.Qf3 Rab8 
23.Rfe1 Rfe8 24.Bf1 Kh8 25.Rcd1 Kg8 26.Rb1 Kh8 27.Kg2 Kg8 28.Rbd1 Kh8 29.
h4 exd5 30.exd5 f5 31.Ne2 Bf6 32.Ng1 Bd4 33.Bd3 Bc3 34.Rxe8+ Rxe8 35.Bxf5 
Bxd2 36.Bxd7 Qxd7 37.Rxd2 b5 38.axb5 axb5 39.Re2 bxc4 40.bxc4 Rxe2+ 41.
Qxe2 Kg8 42.Nh3 Qe8 43.Qxe8+ Nxe8 44.Ng5 Ng7 45.g4 h5 46.Ne4 hxg4 47.Nxd6 
Nh5 48.Nb7 Nxf4+ 49.Kg3 Nd3 50.d6 Ne5 51.Kf4 Nd7 52.Kxg4 Kf7 53.Kg5 Ke6 
54.Kxg6 Ne5+ 55.Kg5 Nxc4 56.h5 Ne5 57.Nd8+ Kxd6 58.h6 c4 59.h7 c3 60.h8=Q 
c2 61.Qh1 1-0

[Event "3rd Tungsram it"]
[Site "Budapest HUN"]
[Date "1977.08.??"]
[Round "12"]
[White "Ostojic, Predrag"]
[Black "Knaak, Rainer"]
[Result "1-0"]
[WhiteElo "2480"]
[BlackElo "2500"]
[EventDate "1977.07.29"]
[PlyCount "124"]

1.e4 Nc6 2.d4 d5 3.Nc3 dxe4 4.d5 Ne5 5.Qd4 Ng6 6.Be3 e5 7.dxe6 Bxe6 8.Qxe4
c6 9.Rd1 Qa5 10.Bd4 Nf6 11.Bxf6 gxf6 12.Bc4 f5 13.Qe3 Bc5 14.Qe2 O-O 15.
Bxe6 Rae8 16.Qc4 Rxe6+ 17.Ne2 Re4 18.Qd3 Ne5 19.Qh3 Rg4 20.O-O Kh8 21.Kh1 
Rfg8 22.g3 Ng6 23.Rd7 Kg7 24.f3 Rg5 25.f4 Rg4 26.Qh5 Ne7 27.a3 Re8 28.b4 
Qxa3 29.bxc5 Qxc5 30.Nd4 Rg6 31.Ne4 Qc4 32.Nd2 Qc5 33.Re1 Qa5 34.Rexe7 
Rxe7 35.Rxe7 Qa1+ 36.Kg2 Qxd4 37.Nf3 Qc5 38.Rxb7 Qxc2+ 39.Kh3 Qa2 40.Nh4 
Qc4 41.Nxg6 Qf1+ 42.Kh4 hxg6 43.Rxf7+ Kxf7 44.Qh7+ Kf6 45.Qh8+ Ke7 46.Qe5+
Kd7 47.Kg5 Qb5 48.Kxg6 a5 49.h4 Qd3 50.h5 Qxg3+ 51.Kf7 Qh3 52.Qe7+ Kc8 53.
Kg6 Qg3+ 54.Qg5 Qe3 55.Qxf5+ Kb7 56.h6 Qg3+ 57.Kf7 Qb3+ 58.Qe6 Qd3 59.f5 
Qh3 60.Kg8 Kb6 61.h7 Qg2+ 62.Qg6 1-0

[Event "3rd Tungsram it"]
[Site "Budapest HUN"]
[Date "1977.08.??"]
[Round "12"]
[White "Sax, Gyula"]
[Black "Vadasz, Laszlo"]
[Result "1-0"]
[WhiteElo "2565"]
[BlackElo "2495"]
[EventDate "1977.07.29"]
[PlyCount "67"]

1.e4 c6 2.d3 d5 3.Nd2 Nf6 4.Ngf3 Bg4 5.h3 Bh5 6.Qe2 Qc7 7.g4 Bg6 8.Bg2 e6 
9.O-O Be7 10.Nh4 dxe4 11.dxe4 Nbd7 12.Nf5 exf5 13.exf5 Bxf5 14.gxf5 Nb6 
15.Re1 Nbd5 16.Nb3 b5 17.a4 b4 18.c4 bxc3 19.bxc3 O-O 20.c4 Bb4 21.cxd5 
Bxe1 22.Qc4 Qe5 23.dxc6 Qc3 24.Qxc3 Bxc3 25.Rb1 Be5 26.Nc5 Bd4 27.Na6 Rac8
28.c7 Bb6 29.Bf4 Rfe8 30.Bb7 g5 31.fxg6 hxg6 32.Bxc8 Rxc8 33.Rb5 Kf8 34.a5
1-0

[Event "3rd Tungsram it"]
[Site "Budapest HUN"]
[Date "1977.08.??"]
[Round "12"]
[White "Ree, Hans"]
[Black "Csom, Istvan"]
[Result "0-1"]
[WhiteElo "2460"]
[BlackElo "2535"]
[EventDate "1977.07.29"]
[PlyCount "64"]

1.d4 Nf6 2.c4 e6 3.Nf3 b6 4.e3 Bb7 5.Bd3 c5 6.O-O Be7 7.Nc3 a6 8.e4 cxd4 
9.Nxd4 d6 10.Qe2 Qc7 11.b3 O-O 12.Bb2 Nc6 13.Nc2 Ne5 14.Nd4 Nxd3 15.Qxd3 
Nd7 16.f4 Rfe8 17.Rae1 Bf6 18.f5 Rad8 19.Rd1 Nc5 20.Qf3 Qe7 21.Qg4 Nd7 22.
fxe6 fxe6 23.Nf3 b5 24.cxb5 axb5 25.Qf4 Nc5 26.e5 dxe5 27.Nxe5 Bxe5 28.
Qxe5 Nd3 29.Qe2 Qg5 30.Ba1 b4 31.Ne4 Bxe4 32.Qxe4 Qc5+ 0-1

[Event "3rd Tungsram it"]
[Site "Budapest HUN"]
[Date "1977.08.??"]
[Round "12"]
[White "Blackstock, Leslie Steven Fraser"]
[Black "Pinter, Jozsef"]
[Result "0-1"]
[WhiteElo "2410"]
[BlackElo "2445"]
[EventDate "1977.07.29"]
[PlyCount "112"]

1.e4 e5 2.Nf3 Nc6 3.Bb5 a6 4.Ba4 Nf6 5.O-O Be7 6.Bxc6 dxc6 7.Nc3 Bg4 8.h3 
Bh5 9.g4 Nxg4 10.hxg4 Bxg4 11.Kg2 Qd6 12.Rg1 O-O-O 13.Ne2 h5 14.Nh2 Be6 
15.d3 g6 16.Kh1 c5 17.b3 Rhg8 18.Qe1 Qc6 19.f3 Kb8 20.Bd2 Rdf8 21.Bh6 Re8 
22.Qd2 f6 23.Be3 g5 24.Raf1 Rh8 25.Ng3 Reg8 26.Qe1 Qd7 27.Bd2 Bd8 28.Rf2 
Rh7 29.a4 Rgh8 30.Qe3 Be7 31.Qe2 b6 32.Bc1 Bd6 33.Bd2 Qc8 34.Kg2 b5 35.
axb5 axb5 36.Kh1 g4 37.fxg4 hxg4 38.Rgg2 Rh3 39.Kg1 f5 40.exf5 Bd5 41.Ne4 
Bxe4 42.dxe4 c4 43.Be3 g3 44.Rf3 Qg8 45.Kf1 Kb7 46.bxc4 bxc4 47.Bg1 gxh2 
48.Rxh3 Rxh3 49.Rxg8 h1=Q 50.Rg2 Ra3 51.Qd1 Ra5 52.c3 Qh3 53.Qe1 Qd3+ 54.
Re2 Rb5 55.Qf2 Qh3+ 56.Qg2 Rb1+ 0-1

[Event "3rd Tungsram it"]
[Site "Budapest HUN"]
[Date "1977.08.??"]
[Round "12"]
[White "Bronstein, David"]
[Black "Spasov, Luben"]
[Result "1/2-1/2"]
[WhiteElo "2560"]
[BlackElo "2480"]
[EventDate "1977.07.29"]
[PlyCount "150"]

1.d4 Nf6 2.c4 e6 3.Nc3 Bb4 4.Qb3 c5 5.dxc5 Nc6 6.Nf3 Ne4 7.Bd2 Nxd2 8.Nxd2
Bxc5 9.e3 O-O 10.Be2 b6 11.O-O Bb7 12.Nde4 Be7 13.Rad1 Na5 14.Qa4 Bc6 15.
Qc2 Qc7 16.Qd3 Qb7 17.Nd5 exd5 18.cxd5 Rad8 19.Bf3 Qc8 20.Rc1 Nb7 21.dxc6 
dxc6 22.Qa6 Qc7 23.a3 Kh8 24.b4 Rc8 25.Ng3 Nd8 26.Nf5 Bf6 27.Rfd1 Rb8 28.
a4 c5 29.Qc4 Ne6 30.b5 g6 31.Ng3 Bg7 32.Nf1 Qe7 33.Bd5 Nc7 34.Bc6 Rbd8 35.
Nd2 Qd6 36.g3 h5 37.Kg2 Bf6 38.h4 Kg7 39.Ne4 Qe7 40.a5 Rxd1 41.Rxd1 Rd8 
42.Rxd8 Qxd8 43.Qc2 Be7 44.axb6 axb6 45.Qb2+ Bf6 46.Qd2 Qxd2 47.Nxd2 Bd8 
48.Kf3 f5 49.Nc4 Ne6 50.Ke2 Bc7 51.f4 Nf8 52.Nd2 Nh7 53.e4 fxe4 54.Nxe4 
Kf7 55.Bd5+ Ke7 56.Bc4 Bd8 57.Bd3 Bc7 58.Kf3 Kf7 59.Ke3 Bb8 60.Be2 Ke7 61.
Bc4 Bc7 62.Bd3 Nf6 63.Ng5 Ng4+ 64.Kf3 Kf6 65.Ne4+ Kg7 66.Nd2 Kf7 67.Nc4 
Kf6 68.Bc2 Nh2+ 69.Ke2 Ng4 70.Be4 Kf7 71.Bd5+ Kf6 72.Bf3 Nh6 73.Ne3 Bd8 
74.Be4 Nf7 75.Bd3 Nd6 1/2-1/2

[Event "3rd Tungsram it"]
[Site "Budapest HUN"]
[Date "1977.08.??"]
[Round "13"]
[White "Ornstein, Axel"]
[Black "Ostojic, Predrag"]
[Result "1-0"]
[WhiteElo "2440"]
[BlackElo "2480"]
[EventDate "1977.07.29"]
[PlyCount "88"]

1.c4 e5 2.Nc3 Nf6 3.Nf3 d6 4.g3 g6 5.Bg2 Bg7 6.O-O O-O 7.d4 Nbd7 8.e4 a5 
9.h3 exd4 10.Nxd4 Nc5 11.Re1 a4 12.Rb1 Re8 13.b4 axb3 14.axb3 Nfd7 15.Be3 
Ne5 16.Re2 Bd7 17.Rd2 Qc8 18.Kh2 Bc6 19.Qc2 Ned7 20.b4 Na4 21.Nce2 Nb8 22.
c5 dxc5 23.bxc5 Ra5 24.Nb3 Ra6 25.Bd4 Bd7 26.Bxg7 Kxg7 27.Nf4 Be6 28.Nd4 
Bd7 29.Rb4 Ra5 30.c6 Nxc6 31.Rxa4 Rxa4 32.Qxa4 Ne5 33.Qa1 f6 34.Nd5 Qd8 
35.Qc3 c6 36.Ne3 Qe7 37.Rb2 Bc8 38.Nc4 Nxc4 39.Qxc4 Rd8 40.h4 h5 41.Bh3 
Bxh3 42.Kxh3 Rd6 43.Nf3 b5 44.Qc5 1-0

[Event "3rd Tungsram it"]
[Site "Budapest HUN"]
[Date "1977.08.??"]
[Round "13"]
[White "Gipslis, Aivars"]
[Black "Blackstock, Leslie Steven Fraser"]
[Result "1-0"]
[WhiteElo "2535"]
[BlackElo "2410"]
[EventDate "1977.07.29"]
[PlyCount "112"]

1.e4 e5 2.Nf3 Nc6 3.Bb5 a6 4.Ba4 Nf6 5.d4 exd4 6.O-O Be7 7.Re1 O-O 8.e5 
Ne8 9.Bf4 b5 10.Bb3 d5 11.c3 Bf5 12.cxd4 Nb4 13.Bg3 a5 14.a4 c6 15.Nc3 Nc7
16.Re3 Be6 17.Ne2 Qd7 18.h3 Rfb8 19.Nf4 Rb6 20.Kh2 Qd8 21.Qb1 g6 22.Qe1 c5
23.dxc5 Bxc5 24.Rc3 Nba6 25.Rcc1 bxa4 26.Bxa4 Be7 27.Nd4 Nc5 28.Bc6 Rab8 
29.Qxa5 Ne4 30.b3 Bb4 31.Qa7 Bc3 32.Rxc3 Nxc3 33.f3 N7b5 34.Bxb5 Nxb5 35.
Ndxe6 fxe6 36.Qa4 Nc7 37.Rc1 Rxb3 38.Qc6 R3b7 39.Nxe6 Nxe6 40.Qxe6+ Rf7 
41.Rc6 Ra8 42.Rd6 Qe7 43.Qxd5 Qb7 44.Qc4 Rc8 45.Qg4 Re7 46.h4 Rc6 47.h5 
Qc8 48.Qg5 Rxd6 49.exd6 Re6 50.Qd5 Qd7 51.h6 Kf7 52.Bf4 Kg8 53.g4 Kf8 54.
Kg3 Re1 55.Be5 Rg1+ 56.Kh2 1-0